000 00410nam a2200181Ia 4500
008 090124s9999 xx 000 0 und d
082 _b37906
100 _aCOMFORT ALEX
245 _aTHE JOY OF SEX
250 _a1
260 _bQUARTET BOOKS
_c1974
300 _a189
600 _aCOMFORT ALEX
630 _aTHE JOY OF SEX
700 _aCOMFORT ALEX
730 _aTHE JOY OF SEX
942 _cBOOK
999 _c103738
_d103738